000 00442nam a22001457a 4500
005 20180821130543.0
020 _a8170003040
_c1000.00
035 _aB-31439, B-031441
037 _aDPL
_bENG
100 _aGarkoti, G. K.
245 _aConcise encyclopaedia of Library Information technology /
_cby G K Garkoti
260 _aNew Delhi
_bEss Ess Publications
_c2001
300 _a504p.
_c18 cms.
942 _2ddc
_cEN
_h020.3
_mGAR
999 _c63270
_d63270